[Event "FIDE WCh KO"]
[Site "New Delhi IND"]
[Date "2000.12.02"]
[Round "2.7"]
[White "Macieja,B"]
[Black "Krasenkow,M"]
[Result "1/2-1/2"]
[WhiteElo "2536"]
[BlackElo "2702"]

1.e4 c5 2.Nf3 Nc6 3.Nc3 e6 4.d4 cxd4 5.Nxd4 Bb4 6.Nxc6 dxc6 7.Qg4 Qf6 8.Bd2 e5
9.Qg3 Ne7 10.Bc4 h6 11.a3 Bd6 12.h4 Ng6 13.Ne2 Nf4 14.Bc3 Nxe2 15.Bxe2 O-O
16.O-O-O Bc7 17.Kb1 Be6 18.Bg4 Rad8 19.Bxe6 Qxe6 20.h5 f6 21.Rhf1 Bb6 22.Rxd8 Rxd8
23.f4 exf4 24.Qxf4 Rd7 25.g4 Bc7 26.Qf5 Re7 27.Re1 Qxf5 28.gxf5 Be5 29.Bxe5 Rxe5
30.Kc1 Kf7 31.Kd2 Ke8 32.Ke3 Kd7 33.Kf4 Kc7 34.Rd1 a5 35.a4 b5 36.Ra1 Kb6
37.axb5 cxb5 38.Rg1 Re7 39.Rd1 a4 40.c3 Kc5 41.Rd4 Rb7 42.Ke3 b4 43.cxb4+ Rxb4
44.Rd7 Rb3+ 45.Kf4 Rxb2 46.Rxg7 Rb5 47.e5 fxe5+ 48.Kxe5 a3 49.Rg1 a2  1/2-1/2

[Event "FIDE WCh Women KO"]
[Site "New Delhi IND"]
[Date "2000.12.03"]
[Round "3.1"]
[White "Kovalevskaya,E"]
[Black "Vasilevich,T"]
[Result "1/2-1/2"]
[WhiteElo "2475"]
[BlackElo "2429"]

1.e4 c5 2.Nc3 e6 3.Nge2 Nc6 4.d4 cxd4 5.Nxd4 d6 6.g3 a6 7.Bg2 Qc7 8.O-O Nf6
9.Re1 Rb8 10.Nxc6 bxc6 11.e5 dxe5 12.Rxe5 Bd6 13.Re2 O-O 14.b3 Rd8 15.Qe1 e5
16.Bg5 h6 17.Bxf6 gxf6 18.Re4 Be6 19.Rh4 Bf8 20.Qe3 f5 21.Re1 Bg7 22.Ne2 Qa5
23.Qc1 Qd2 24.Ra4 Qxc1 25.Nxc1 e4 26.g4 Rd2 27.gxf5 Bxf5 28.Bxe4 Bxe4 29.Raxe4 Rxc2
30.R4e2 Rxe2 31.Rxe2 Rd8 32.Rc2 Rd6 33.Ne2 Kf8 34.Ng3 Be5 35.Kg2 Bd4 36.Nf5 Rg6+
37.Kf3 Bb6 38.Ne3 Rf6+ 39.Ke2 Ke7 40.Rc4 Kd7 41.Ra4 a5 42.Rh4 Kc7 43.Re4 Bxe3
44.Kxe3 Kb6 45.Re5 Rg6 46.Rh5 Re6+ 47.Kd3 Rd6+ 48.Ke3 Re6+ 49.Kd3  1/2-1/2

[Event "Open"]
[Site "Mallorca ESP"]
[Date "2000.12.06"]
[Round "5"]
[White "Serra Olives,T"]
[Black "Baches Garcia,G"]
[Result "1-0"]
[WhiteElo "2196"]
[BlackElo "2393"]

1.e4 c5 2.Nf3 Nc6 3.d4 cxd4 4.Nxd4 e6 5.Nc3 a6 6.Be2 Qc7 7.Be3 Nf6 8.O-O Bb4
9.Nxc6 bxc6 10.Qd3 a5 11.Bg5 Qe5 12.f4 Qc5+ 13.Kh1 Ba6 14.Qf3 h6 15.Bh4 Bxe2
16.Nxe2 Qxc2 17.Bxf6 gxf6 18.b3 Ba3 19.Rad1 h5 20.Nc3 Bb4 21.Na4 d5 22.Rd3 Rd8
23.Rfd1 Ke7 24.exd5 Rxd5 25.Nb6 Rxd3 26.Rxd3 Rd8 27.Rxd8 Kxd8 28.h4 Qc5 29.Nc4 Qd5
30.Qe3 Bc5 31.Qf3 a4 32.Qe2 Qd4 33.Qf1 axb3 34.axb3 Kc7 35.Kh2 e5 36.g3 e4
37.Kh3 e3 38.Qe2 Qe4 39.Kh2 Qe6 40.Qxh5 e2 41.Qxc5 e1=Q 42.Qb6+ Kc8  1-0

[Event "Schacknytt GM"]
[Site "Upplands Vasby SWE"]
[Date "2000.12.06"]
[Round "2"]
[White "Wedberg,T"]
[Black "Akesson,R"]
[Result "1/2-1/2"]
[WhiteElo "2473"]
[BlackElo "2486"]

1.e4 c5 2.Nf3 e6 3.d4 cxd4 4.Nxd4 Nc6 5.Nc3 Qc7 6.g3 a6 7.Bg2 Nf6 8.O-O Nxd4
9.Qxd4 Bc5 10.Bf4 d6 11.Qd3 h6 12.Na4 e5 13.Bd2 Be6 14.Nxc5 dxc5 15.Qc3 Nd7
16.f4 f6 17.f5 Bf7 18.Be3 O-O-O 19.Rfd1 b6 20.Bf1 Nb8 21.Bc4 Rxd1+ 22.Rxd1 Rd8
23.Rxd8+ Kxd8 24.Qd3+ Ke8 25.b3 Bxc4 26.Qxc4 Qf7 27.Qe2 Qb7 28.Qc4 Qf7 29.Qe2 Qb7
30.Qd3  1/2-1/2

[Event "1st It"]
[Site "Odivelas POR"]
[Date "2000.12.07"]
[Round "10"]
[White "Fernando,D"]
[Black "Santos,AP"]
[Result "1/2-1/2"]
[WhiteElo "2257"]
[BlackElo "2272"]

1.e4 c5 2.Nf3 e6 3.d4 cxd4 4.Nxd4 Nc6 5.Nc3 Qc7 6.Ndb5 Qb8 7.Be3 a6 8.Bb6 axb5
9.Nxb5 Bb4+ 10.c3 Ba5 11.Nc7+ Qxc7 12.Bxc7 Bxc7 13.Qg4 Kf8 14.Bb5 Nf6 15.Qe2 Ke7
16.O-O h5 17.a4 g5 18.Rad1 Ng4 19.h3 Nge5 20.Qe3 f6 21.f4 gxf4 22.Qxf4 Bb6+
23.Kh2 Rf8 24.Qh6 Bc7 25.Kh1 d6 26.Be2 Rxa4 27.Bxh5 Nd7 28.Qg7+ Kd8 29.b4 Nce5
30.Rd2 b5 31.Bg4 Nxg4 32.hxg4 Bb7 33.g5 Bxe4 34.gxf6 d5 35.f7 Bd6 36.Re2 Kc7
37.Re3 Ra2 38.Rxe4 dxe4 39.Rd1 e3 40.Qd4 Rd2 41.Rxd2 exd2 42.Qxd2 Rxf7 43.Qe2 Rh7+
44.Kg1 Bh2+ 45.Kf1 Rf7+ 46.Ke1 Rf5 47.Kd1 Rd5+ 48.Kc2 Be5 49.Qg4 Rd6 50.Qe2 Rc6
51.Qxb5 Bxc3 52.Kd1 e5 53.g4 Bd4 54.Qa5+ Bb6 55.Qb5 Rd6+ 56.Ke2 Rd4 57.Kf3 Rf4+
58.Kg3 Bf2+ 59.Kh3 Kd6 60.g5 Rh4+ 61.Kg2 Be1 62.Qd3+ Rd4 63.Qg6+ Kc7 64.b5 Bh4
65.Qc6+ Kd8 66.g6 Bf6 67.Kh3 Rb4 68.Qd5 Rh4+ 69.Kg3 Rd4 70.Qf7 Rd1 71.Kf3 Rd6
72.g7 Bxg7 73.Qxg7 Kc7 74.Qg8 Rd3+ 75.Ke2 Rd4 76.Qe6 Rd6 77.Qc4+ Kb6 78.Qa4 Nc5
79.Qb4 Rd4 80.Qb2 Re4+ 81.Kd2 Rd4+ 82.Ke2 Re4+ 83.Kf3 Rf4+ 84.Kg3 Rd4 85.Kh3 Rd3+
86.Kg4 e4 87.Kf4 Rf3+ 88.Ke5 Rb3 89.Qxb3 Nxb3  1/2-1/2

[Event "Open"]
[Site "Mallorca ESP"]
[Date "2000.12.08"]
[Round "7"]
[White "Serra Olives,T"]
[Black "Teran Alvarez,I"]
[Result "1/2-1/2"]
[WhiteElo "2196"]
[BlackElo "2347"]

1.e4 c5 2.Nf3 e6 3.d4 cxd4 4.Nxd4 Nc6 5.Nc3 Qc7 6.Be2 a6 7.O-O Nf6 8.Kh1 Nxd4
9.Qxd4 Bc5 10.Qd3 b5 11.f4 Bb7 12.Bf3 h5 13.e5 Ng4 14.Ne4 Bxe4 15.Qxe4 Rc8
16.Qe2 Nh6 17.c3 h4 18.Be4 g6 19.Be3 Bxe3 20.Qxe3 Nf5 21.Qd3 Qc4 22.Rad1 Qxd3
23.Rxd3 Rc4 24.Bb7 Ra4 25.a3 Ke7 26.Rfd1 Rd8 27.g4 hxg3 28.hxg3 d5 29.exd6+ Rxd6
30.Kg1 Rxd3 31.Rxd3 Nd6 32.Bf3 Rc4 33.b3 Rc7 34.Kf2 a5 35.g4 f6 36.Re3 Kf7
37.Bg2 Rc5 38.b4 Rc4 39.Kg3 a4 40.Kf3 g5 41.fxg5 fxg5 42.Kg3 Rc7 43.Bf1 Nc4
44.Bxc4 Rxc4 45.Re5 Rxc3+ 46.Kf2 Kf6 47.Rxb5 Rxa3 48.Ra5 Ra2+ 49.Kf3 Ra3+
50.Kf2 Ra1 51.b5 a3 52.b6 a2 53.b7 Rb1 54.Rxa2 Rxb7 55.Ra5 Rb2+ 56.Kf3 Rb3+
57.Kf2 Rd3 58.Rb5 Rd5 59.Rb8 Rc5 60.Rg8 Ke7 61.Kf3 Kf6 62.Kf2 Rc3 63.Kg2 e5
64.Rf8+ Ke6 65.Rf5 Kd5 66.Rxg5 Ke4 67.Rf5 Rc8 68.Kg3 Kd4 69.Rf7  1/2-1/2

[Event "Bundesliga 2000-1"]
[Site "Plauen GER"]
[Date "2000.12.09"]
[Round "3"]
[White "Hector,J"]
[Black "Gross,Dav GER"]
[Result "1/2-1/2"]
[WhiteElo "2509"]
[BlackElo "2484"]

1.e4 c5 2.Nf3 Nc6 3.Nc3 e6 4.d4 cxd4 5.Nxd4 Qc7 6.Be3 a6 7.Bd3 b5 8.Nxc6 Qxc6
9.O-O Bb7 10.f3 Bc5 11.Qe1 Ne7 12.Kh1 Bxe3 13.Qxe3 Qc7 14.a4 b4 15.Na2 Nc6
16.c3 bxc3 17.b4 O-O 18.Rac1 Qe5 19.Rxc3 Qd4 20.Qxd4 Nxd4 21.Rc7 Bc6 22.Nc3 Rfb8
23.b5 axb5 24.axb5 Nxb5 25.Bxb5 Bxb5 26.Nxb5 Rxb5 27.Rxd7 Rb2 28.h4 h5 29.Kh2 Raa2
30.Rg1 g6 31.Rdd1  1/2-1/2

[Event "Bundesliga 2000-1"]
[Site "Gelsenkirchen GER"]
[Date "2000.12.10"]
[Round "4"]
[White "Emms,J"]
[Black "Hansen,Cu"]
[Result "1/2-1/2"]
[WhiteElo "2527"]
[BlackElo "2613"]

1.e4 c5 2.Nf3 Nc6 3.d4 cxd4 4.Nxd4 e6 5.Nc3 a6 6.Be3 Nf6 7.Bd3 d5 8.exd5 exd5
9.Qe2 Be7 10.O-O O-O 11.f3 Bd6 12.Qf2 Re8 13.Nxc6 bxc6 14.Bc5 Be6 15.Na4 Bc7
16.Rae1 a5 17.Bd4 Nh5 18.Be5 Nf4 19.Bxc7 Qxc7 20.Nc5 a4 21.b3 axb3 22.axb3 h6
23.Qd4  1/2-1/2

[Event "Open"]
[Site "Zadar CRO"]
[Date "2000.12.15"]
[Round "7"]
[White "Kutuzovic,B"]
[Black "Rezan,S"]
[Result "0-1"]
[WhiteElo "2427"]
[BlackElo "2307"]

1.e4 c5 2.Nf3 e6 3.d4 cxd4 4.Nxd4 Nc6 5.Nc3 d6 6.Be3 a6 7.Qd2 Nf6 8.O-O-O Be7
9.f3 O-O 10.g4 Nd7 11.h4 Nde5 12.Qg2 Nxd4 13.Bxd4 Nc6 14.Be3 b5 15.Kb1 Qa5
16.g5 Bd7 17.Ne2 Rfc8 18.Nc1 d5 19.Bd3 Ne5 20.exd5 Nc4 21.Bxc4 bxc4 22.d6 Bf8
23.Bd4 Rab8 24.Ka1 Bxd6 25.Bc3 Bb4 26.Bxb4 Qxb4 27.c3 Qb7 28.Qe2 Rc5 29.Rd2 Qc7
30.Qe3 Rf5 31.Ne2 Ba4 32.Rf1 Rd8 33.f4 Rxd2 34.Qxd2 e5 35.Qd5 Bc6 36.Qxc4 Qd7
37.Nc1 g6 38.Qb4 exf4 39.Nb3 Qb7 40.Qd6 Qd7 41.Qb8+ Qe8 42.Qxe8+ Bxe8 43.Nd4 Re5
44.Kb1 h6 45.gxh6 Re4 46.Kc2 f5 47.Nf3 Re2+ 48.Kd1 Rxb2 49.Kc1 Rxa2 50.Kb1 Rg2
51.Ng5 Bb5 52.Rxf4 Rg4 53.Rf2 Rxh4 54.h7+ Kg7 55.Rd2 Kf6 56.Rd8 Kxg5 57.h8=Q Rxh8
58.Rxh8 f4 59.Kc2 Kg4 60.Kd2 g5 61.Rg8 Kh4 62.Rc8 g4 63.c4 Bd7 64.Rc7 Bf5
65.Rf7 Kg5 66.c5 Be6 67.Rf8 g3 68.Ke2 Bc4+ 69.Ke1 Bb5 70.Rb8 Kf5 71.Rg8 Ke4
72.Rg6 Kf3 73.c6 g2 74.c7 Bd7 75.Rg7 Bc8 76.Rg8 Bh3 77.Rg5 a5 78.Kd2 Kf2
79.Rc5 Bd7 80.Rg5  0-1

[Event "Abel Cardona Open"]
[Site "Cali COL"]
[Date "2000.12.16"]
[Round "1"]
[White "Carvajal,N"]
[Black "Zapata,A"]
[Result "1-0"]
[WhiteElo "2281"]
[BlackElo "2487"]

1.e4 c5 2.Nf3 e6 3.d4 cxd4 4.Nxd4 Nc6 5.Nc3 Qc7 6.Be2 Nf6 7.O-O a6 8.Be3 Bb4
9.Na4 Be7 10.Nxc6 bxc6 11.Nb6 Rb8 12.Nxc8 Qxc8 13.Bd4 c5 14.Be5 Rb6 15.Qd3 O-O
16.b3 d6 17.Bb2 Nd7 18.Rad1 Bf6 19.Bc1 Qb7 20.f4 c4 21.Qe3 cxb3 22.cxb3 Rc8
23.e5 Be7 24.Ba3 Qb8 25.exd6 Bxd6 26.Bxd6 Rxd6 27.Rxd6 Qxd6 28.Rd1 Qc6 29.Qd3 Qb6+
30.Kf1 Nb8 31.Qd4 Qxd4 32.Rxd4 Kf8 33.Rd6 Rc1+ 34.Kf2 Nc6 35.Bc4 Rc2+ 36.Kf3 Nb4
37.a3 Ke7 38.Rb6 Na2 39.Rxa6 Nc1 40.Rb6 Kd7 41.Rb7+ Kc6 42.Rxf7 Nxb3 43.Bxb3 Rc3+
44.Kg4 Rxb3 45.Rxg7 Rb2 46.Kh3 h5 47.Rg5 Rb3+ 48.g3 Rxa3 49.Rxh5 Kd7 50.Rh7+ Ke8
51.Kg4 Ra5 52.h4 Kf8 53.Rh5 Ra3 54.Rg5 Kf7 55.h5 Kf6 56.h6 Ra7 57.Rh5 Rh7
58.Kf3 Kg6 59.g4  1-0

[Event "TCh-YUG Women"]
[Site "Kragujevac YUG"]
[Date "2000.12.16"]
[Round "6"]
[White "Dembo,Y"]
[Black "Velcheva,M"]
[Result "1-0"]
[WhiteElo "2322"]
[BlackElo "2302"]

1.e4 c5 2.Nf3 e6 3.d4 cxd4 4.Nxd4 Nc6 5.Nc3 Qc7 6.Be3 a6 7.Bd3 b5 8.O-O Bb7
9.a3 Nf6 10.Kh1 h5 11.Qd2 Ng4 12.Nf3 Nxe3 13.Qxe3 Bd6 14.Ne2 f6 15.Rad1 g5
16.c4 bxc4 17.Bxc4 h4 18.h3 Ke7 19.Rd2 Ne5 20.Nxe5 Bxe5 21.Rc1 Rac8 22.Bb3 Qa5
23.Rcd1 Rhd8 24.f4 gxf4 25.Nxf4 Bxf4 26.Qxf4 Qg5 27.Qd6+ Kf7 28.Qd4 Bc6 29.Rf2 Rg8
30.Ba4 Rcd8 31.Bxc6 dxc6 32.Qa7+ Kg6 33.Rdf1 Rgf8 34.Qxa6 Qb5 35.Qa7 Rf7
36.Qe3 Rd3 37.Qf4 Qg5 38.Qb8 Kg7 39.Qf4 Qxf4 40.Rxf4 Rb3 41.Rg4+ Kf8 42.Rf2 Ke7
43.Rxh4 Kd6 44.Rh5 e5 45.Rh4 Kc5 46.Rc2+ Kd4 47.Rxc6 Rxb2 48.Rg4 Rf2 49.Ra6 Rf4
50.Ra4+ Ke3 51.Rxf4 exf4 52.Rb4 Rc7 53.a4 Rc3 54.Kh2 f3 55.gxf3 Kxf3 56.h4 Rc2+
57.Kh3 Rc1 58.Rb3+ Kxe4 59.Ra3 f5 60.a5 Rc7 61.a6 Ra7 62.Kg3 Rg7+ 63.Kf2 Ra7
64.Ra4+ Ke5 65.Kf3 Kf6 66.Kf4 Kg6 67.Ra5 Kh5 68.Kxf5 Kxh4 69.Ke6  1-0

[Event "TCh-YUG Women"]
[Site "Kragujevac YUG"]
[Date "2000.12.16"]
[Round "6"]
[White "Stankovic,Ma"]
[Black "Stepovaia Dianchenko,T"]
[Result "1/2-1/2"]
[WhiteElo "2239"]
[BlackElo "2414"]

1.e4 c5 2.Nf3 e6 3.d4 cxd4 4.Nxd4 Nc6 5.Nc3 Qc7 6.Be2 a6 7.O-O Nf6 8.Be3 Bb4
9.Na4 Bd6 10.g3 Nxd4 11.Qxd4 Be5 12.Qb4 b5 13.Nc5 Rb8 14.Bf3 a5 15.Qd2 d6
16.Nd3 Bb7 17.Ba7 Ra8 18.Qe3 O-O 19.Bb6 Qc6 20.Rfe1 Nd7 21.Bd4 Bxd4 22.Qxd4 e5
23.Qe3 f5 24.Bg2 fxe4 25.Bxe4 d5 26.Bg2 e4 27.Nf4 Nf6 28.c3 Rae8 29.Rad1 Re5
30.Bh3 g5 31.Nd3 Re7 32.Nc5 h6 33.Nxb7 Rxb7 34.Bf5 Rg7 35.Qd4 Re7 36.f3 Rfe8
37.Bg6 Rf8 38.fxe4 dxe4 39.Qd6 Qxd6 40.Rxd6 Kg7 41.Bf5 Re5 42.g4 Rf7 43.Re6 Rxe6
44.Bxe6 Re7 45.Bf5 Rc7 46.Kf2 b4 47.Rc1 Rc4 48.Be6 Rc6 49.Bf5 Rc4 50.Be6 Rc6  1/2-1/2

[Event "Belgian Interteams 2000-1"]
[Site "BEL"]
[Date "2000.12.17"]
[Round "5"]
[White "Ahn,M"]
[Black "Goossens,E"]
[Result "1/2-1/2"]
[WhiteElo "2265"]
[BlackElo "2192"]

1.e4 c5 2.Nf3 Nc6 3.Nc3 e6 4.d4 cxd4 5.Nxd4 Nf6 6.g3 Bb4 7.Bg2 O-O 8.O-O a6
9.Nde2 Re8 10.a3 Bc5 11.Nf4 Rb8 12.Nd3 Bd4 13.Ne2 Ba7 14.Nef4 d6 15.Bd2 e5
16.Nd5 Nxd5 17.exd5 Ne7 18.Re1 Bf5 19.Be3 Bxe3 20.Rxe3 Rc8 21.Rc1 Qb6 22.c4 Qd4
23.Qb3  1/2-1/2

[Event "Czech Extra League 2000-1"]
[Site "CZE"]
[Date "2000.12.17"]
[Round "3"]
[White "Voloshin,L"]
[Black "Cempel,J"]
[Result "1-0"]
[WhiteElo "2455"]
[BlackElo "2263"]

1.e4 c5 2.Nf3 Nc6 3.d4 cxd4 4.Nxd4 e6 5.Nc3 Qc7 6.f4 a6 7.Nxc6 bxc6 8.Bd3 d5
9.O-O Nf6 10.Kh1 Be7 11.Bd2 Bb7 12.e5 Nd7 13.Qg4 g6 14.Na4 a5 15.Rae1 Nb6
16.Nxb6 Qxb6 17.Be3 Qc7 18.c4 Ba6 19.Rc1 Qb7 20.Qe2 O-O 21.b3 a4 22.bxa4 Qb4
23.f5 exf5 24.Bh6 Rfe8 25.e6 Bf8 26.exf7+ Kxf7 27.Bxf8 Qxf8 28.Qf3 Bxc4 29.Bxc4 dxc4
30.Qxc6 Kg7 31.Rxc4 Qe7 32.Qf3 Qe2 33.Rc7+ Kg8 34.Qb3+ Kh8 35.Rg1 Qe6 36.Qb7 Qf6
37.Rxh7+ Kg8 38.Rd7  1-0

[Event "Koltanowski Mem"]
[Site "San Francisco USA"]
[Date "2000.12.19"]
[Round "6"]
[White "Ilfeld,E"]
[Black "Vucic,M"]
[Result "0-1"]
[WhiteElo "2184"]
[BlackElo "2346"]

1.e4 c5 2.Nf3 e6 3.d4 cxd4 4.Nxd4 Nc6 5.Nc3 d6 6.Nxc6 bxc6 7.Bd3 g6 8.b3 Bg7
9.Bb2 Nf6 10.O-O O-O 11.f4 e5 12.Qe1 exf4 13.Ne2 g5 14.h4 h6 15.hxg5 hxg5
16.g3 Bh3 17.gxf4 Bxf1 18.Qxf1 Ng4 19.Bxg7 Kxg7 20.Qf3 Qb6+ 21.Kg2 Rh8 22.fxg5 Rh2+
23.Kg3 Rah8 24.Nf4 Rf2  0-1

[Event "Tournament for the 21st Century"]
[Site "Subotica YUG"]
[Date "2000.12.23"]
[Round "6"]
[White "Sedlak,N"]
[Black "Grigoriants,S RUS"]
[Result "1-0"]
[WhiteElo "2423"]
[BlackElo "2503"]

1.e4 c5 2.Nf3 e6 3.d4 cxd4 4.Nxd4 Nc6 5.Nc3 d6 6.Be3 Nf6 7.Be2 Be7 8.Qd2 O-O
9.O-O-O a6 10.f4 Nd7 11.g4 Nxd4 12.Bxd4 b5 13.a3 Bb7 14.h4 Rc8 15.g5 Nc5
16.Qe3 Qc7 17.f5 f6 18.fxe6 fxg5 19.Nd5 Bxd5 20.exd5 Rf4 21.Kb1 Re4 22.Qd2 Rxd4
23.Qxd4 Bf6 24.Qg4 gxh4 25.Rdf1 Na4 26.Bd3 Nxb2 27.e7 Bxe7 28.Qe6+ Kh8 29.Kxb2 Qc3+
30.Ka2 b4 31.axb4 Bf6 32.Rxf6 gxf6  1-0

[Event "Tournament for the 21st Century"]
[Site "Subotica YUG"]
[Date "2000.12.24"]
[Round "7"]
[White "Perunovic,Mil"]
[Black "Grigoriants,S RUS"]
[Result "1-0"]
[WhiteElo "2426"]
[BlackElo "2503"]

1.e4 c5 2.Nf3 Nc6 3.d4 cxd4 4.Nxd4 e6 5.Nc3 d6 6.Be3 Nf6 7.f4 e5 8.Nf3 Ng4
9.Qd2 Nxe3 10.Qxe3 exf4 11.Qxf4 Be7 12.O-O-O O-O 13.Kb1 Be6 14.Nd5 Rc8 15.Bc4 Nb4
16.Bb3 Bxd5 17.exd5 Qb6 18.g4 Na6 19.c3 Rfe8 20.Rhf1 Qc7 21.Bc2 Nc5 22.Nd4 Bf8
23.Rf3 Re5 24.Rdf1 Rce8 25.b4 Re1+ 26.Rxe1 Rxe1+ 27.Kb2 Na6 28.Ne6 Qe7 29.Bxh7+ Kxh7
30.Qxf7 Re2+ 31.Kb3 Qxf7 32.Rxf7 Rxh2 33.Rxf8  1-0

[Event "Ambassador Open"]
[Site "Bern SUI"]
[Date "2000.12.27"]
[Round "3"]
[White "Stewart,N"]
[Black "Kaenel,H"]
[Result "0-1"]
[WhiteElo "2321"]
[BlackElo "2452"]

1.e4 c5 2.Nf3 e6 3.d4 cxd4 4.Nxd4 Nc6 5.Nc3 Qc7 6.Be2 a6 7.O-O Nf6 8.Be3 Bb4
9.Na4 O-O 10.Nxc6 bxc6 11.Bb6 Qb8 12.Be3 Ba5 13.Qd3 d5 14.exd5 cxd5 15.c4 Bd7
16.Nc5 dxc4 17.Qxc4 Bb5 18.Qc2 Rc8 19.Rfc1 Nd5 20.Bd4 Qf4 21.Bxb5 Qxd4 22.Qd3 Qxb2
23.Rab1 Qxa2 24.Bxa6 Nb4 25.Qe4 Nxa6 26.Nxa6 Bb6 27.Nb4 Qxf2+ 28.Kh1 Qe3  0-1

[Event "Christmas Open"]
[Site "Zurich SUI"]
[Date "2000.12.27"]
[Round "3"]
[White "Pikula,D"]
[Black "Kamber,B"]
[Result "1/2-1/2"]
[WhiteElo "2503"]
[BlackElo "2370"]

1.e4 c5 2.Nf3 e6 3.d4 cxd4 4.Nxd4 Nc6 5.Nc3 Qc7 6.Be3 Nf6 7.f3 a6 8.Qd2 Nxd4
9.Bxd4 e5 10.Bf2 Bb4 11.O-O-O d6 12.a3 Bxc3 13.Qxc3 Qxc3 14.bxc3 Ke7 15.c4 Nd7
16.Be2 b6 17.Rd3 Nc5 18.Bxc5 dxc5 19.Rhd1  1/2-1/2

[Event "Open"]
[Site "Ano Liosia GRE"]
[Date "2000.12.30"]
[Round "4"]
[White "Nikolaidis,K"]
[Black "Marjanovic,S"]
[Result "1/2-1/2"]
[WhiteElo "2308"]
[BlackElo "2512"]

1.e4 c5 2.Nf3 e6 3.d4 cxd4 4.Nxd4 Nc6 5.Nc3 Qc7 6.g3 a6 7.Bg2 d6 8.O-O Bd7
9.Re1 Be7 10.Nxc6 Bxc6 11.Qg4 h5 12.Qe2 h4 13.a4 hxg3 14.hxg3 Kf8 15.a5 Nf6
16.Be3 Nd7 17.Bd4 Re8 18.Nd1 e5 19.Be3 g6 20.c4 f5 21.Nc3 Nf6 22.Bg5 Nxe4
23.Nxe4 fxe4 24.Bd2 Rh5 25.Bxe4 Kg7 26.Kg2 Bg5 27.Bb4 Reh8 28.Rh1 Rxh1 29.Rxh1 Rxh1
30.Kxh1 b6 31.Bxc6 Qxc6+ 32.Kg1 Bd8 33.Qd3 Bc7 34.axb6 Qxb6 35.Bc3 Qc6 36.Qd5 Qxd5
37.cxd5 Kf6 38.Kg2 Kf5 39.Kf3 e4+ 40.Ke2 Bb6 41.f3 Bc5 42.b3 Bb6 43.Bb2 Bd8
44.Ke3 Bb6+ 45.Ke2 Ba7 46.Bc3 Bc5 47.Bb2 Bb6 48.Bc3 Ba7 49.Bb2 Bc5 50.Bc3 Ba3
51.Bd4 Bc1 52.Kd1 Bh6 53.Ke2 g5 54.g4+ Kf4 55.Be3+ Ke5 56.fxe4 Kxe4 57.Bd2 Kxd5
58.Kd3 Ke5 59.Be3 d5 60.Bc1 Kd6 61.Be3 Kc6 62.Bd2 Kc5 63.Be3+ Kb4 64.Kc2 Ka3
65.Bc1+ Kb4 66.Be3  1/2-1/2

[Event "Ambassador Open"]
[Site "Bern SUI"]
[Date "2000.12.30"]
[Round "7"]
[White "Suetin,A"]
[Black "Kaenel,H"]
[Result "1/2-1/2"]
[WhiteElo "2364"]
[BlackElo "2452"]

1.e4 c5 2.Nf3 e6 3.d4 cxd4 4.Nxd4 Nc6 5.Nc3 Qc7 6.Be3 a6 7.Bd3 Nf6 8.Qe2 Bb4
9.Nxc6 bxc6 10.O-O O-O 11.f4 d5 12.e5 Nd7 13.Na4 Re8 14.c4 Bf8 15.Rac1 Qa5
16.b3 Nc5 17.Bd2 Qd8 18.Nxc5 Bxc5+ 19.Kh1 Ba3 20.Rcd1 a5 21.Rf3 g6 22.Be1 Bb4
23.Qc2 Bxe1 24.Rxe1 Qb6 25.h4 a4 26.h5 axb3 27.axb3 Kg7 28.Rg3 Qd4 29.Rf1 Rh8
30.Qc1 Rd8 31.cxd5 Qxd5 32.Bc4 Qd2 33.Qxd2 Rxd2 34.Rd3 Rxd3 35.Bxd3 Ra3 36.Bc4 gxh5
37.Rd1 Ba6 38.Bxa6 Rxa6 39.Kh2 Rb6 40.Rd3 Kg6 41.Kh3 Rb4 42.g3 c5 43.Rc3 Rb5
44.Rd3 Ra5 45.Rd8 Ra3 46.Rc8 Rxb3 47.Rxc5 Rb2 48.Rc8 Kg7 49.Ra8 Re2 50.Rb8 h6
51.Ra8 Rf2 52.Rb8 Rf1 53.Kg2 Ra1 54.Kh3 Ra2 55.Rc8 Rf2 56.Ra8 h4 57.Kxh4 Rh2+
58.Kg4 h5+ 59.Kf3 h4 60.gxh4 Rxh4 61.Kg3 Rh1 62.Kg4 Rg1+ 63.Kf3 Rf1+ 64.Kg4 Rb1
65.Rc8 Rf1  1/2-1/2

[Event "Rilton Cup"]
[Site "Stockholm SWE"]
[Date "2000.12.31"]
[Round "5"]
[White "Aarthie,R"]
[Black "Sjoberg,M"]
[Result "1-0"]
[WhiteElo "2319"]
[BlackElo "2357"]

1.e4 c5 2.Nf3 e6 3.d4 cxd4 4.Nxd4 Nc6 5.Nc3 Qc7 6.Be2 a6 7.O-O Nf6 8.Kh1 Nxd4
9.Qxd4 Bc5 10.Qd3 Be7 11.f4 d6 12.Qg3 O-O 13.Be3 Bd7 14.Rad1 Bc6 15.Bd4 b5
16.a3 Rad8 17.Rfe1 Rfe8 18.Bf3 g6 19.f5 e5 20.Be3 Kg7 21.Re2 a5 22.Bg5 b4
23.Nd5 Nxd5 24.exd5 Bb5 25.Rf2 Bxg5 26.Qxg5 f6 27.Qg4 Bd7 28.Be4 Kh8 29.axb4 axb4
30.Qh4 g5 31.Qg4 Kg7 32.h4 Rg8 33.hxg5 Kh8 34.Qh4 fxg5 35.Qh6 Bb5 36.f6 Qf7
37.Re1 Bd7 38.Rd1 g4 39.Bf5 Bxf5 40.Rxf5  1-0

[Event "Open"]
[Site "Ano Liosia GRE"]
[Date "2001.01.02"]
[Round "6"]
[White "Dvoirys,S"]
[Black "Shavtvaladze,N"]
[Result "1-0"]
[WhiteElo "2562"]
[BlackElo "2314"]

1.e4 c5 2.Nf3 e6 3.d4 cxd4 4.Nxd4 Nc6 5.Nc3 Qc7 6.Be3 a6 7.f4 b5 8.Be2 Bb7
9.O-O Rc8 10.Nb3 d6 11.f5 Nf6 12.fxe6 fxe6 13.Bh5+ Nxh5 14.Qxh5+ g6 15.Qh3 Qe7
16.Nd4 Nxd4 17.Bxd4 Bg7 18.Bxg7 Qxg7 19.Qxe6+ Qe7 20.Qh3 Rc4 21.Nd5 Bxd5
22.exd5 Kd8 23.Rae1 Qd7 24.Re6 Kc8 25.Qa3 Qa7+ 26.Kh1 b4 27.Qa4 Rd8 28.Re8  1-0

[Event "Australian Open"]
[Site "Canberra AUS"]
[Date "2001.01.02"]
[Round "5"]
[White "Tian,K"]
[Black "Johansen,D"]
[Result "0-1"]
[WhiteElo "2107"]
[BlackElo "2505"]

1.e4 c5 2.Nf3 Nc6 3.d4 cxd4 4.Nxd4 e6 5.Nc3 Qc7 6.Be2 a6 7.O-O Nf6 8.Be3 Bb4
9.Nxc6 bxc6 10.Na4 Rb8 11.c4 Bd6 12.g3 c5 13.Qd3 Bb7 14.Rad1 Be7 15.Nc3 d6
16.f4 O-O 17.Bf3 Rfd8 18.Rf2 Nd7 19.Rfd2 Bf8 20.Qf1 Nb6 21.b3 Re8 22.Rd3 Rbd8
23.Qg2 Nc8 24.Bc1 Ne7 25.g4 Nc6 26.Ne2 Qb6 27.Nc3 Nd4 28.g5 Bc6 29.Be3 Nxf3+
30.Qxf3 g6 31.Bf2 Rd7 32.Qh3 Qb7 33.Qf3 Red8 34.Nd5 Bg7 35.Nf6+ Bxf6 36.gxf6 Bxe4
37.Qh3 h5 38.Rg3 Kh7 39.Rg5 Rh8 40.Rxh5+ gxh5 41.Qxh5+ Kg8 42.Qg4+ Bg6 43.Be1 Qc8  0-1

[Event "Rilton Cup"]
[Site "Stockholm SWE"]
[Date "2001.01.05"]
[Round "9"]
[White "Aarthie,R"]
[Black "Taimanov,M"]
[Result "1-0"]
[WhiteElo "2319"]
[BlackElo "2418"]

1.e4 c5 2.Nf3 e6 3.d4 cxd4 4.Nxd4 Nc6 5.Nc3 a6 6.Be2 Nge7 7.f4 b5 8.O-O Nxd4
9.Qxd4 Nc6 10.Qf2 Be7 11.Be3 O-O 12.Rad1 Bb7 13.a4 b4 14.Nb1 Qc8 15.Bc5 Rd8
16.Bb6 Nb8 17.Bd3 d5 18.Kh1 Re8 19.exd5 Bxd5 20.f5 Nd7 21.c4 Bxg2+ 22.Qxg2 Nxb6
23.f6 Bf8 24.fxg7 Bc5 25.Bxh7+ Kxh7 26.Rxf7 Rg8 27.Qe4+ Kh6 28.Rf6+  1-0

[Event "3rd Hilton Open"]
[Site "Basle SUI"]
[Date "2001.01.06"]
[Round "6"]
[White "Sokolov,And"]
[Black "Wyss,T"]
[Result "1-0"]
[WhiteElo "2566"]
[BlackElo "2192"]

1.e4 c5 2.Nf3 e6 3.d4 cxd4 4.Nxd4 Nc6 5.Nc3 Qc7 6.Be3 a6 7.Bd3 Nf6 8.O-O h5
9.h3 Bd6 10.Nxc6 bxc6 11.f4 e5 12.Qd2 exf4 13.Bxf4 Bxf4 14.Rxf4 Qe5 15.Bc4 d6
16.Rd1 Ke7 17.Ne2 Be6 18.Nd4 Qc5 19.Bxe6 fxe6 20.b4 Qb6 21.Qf2 Qc7 22.Rd3 Qb7
23.Qg3 Rhg8 24.Qg5 Qc7 25.Rc3 Qb6 26.e5  1-0

[Event "Troll Masters"]
[Site "Gausdal NOR"]
[Date "2001.01.06"]
[Round "2"]
[White "Krakops,M"]
[Black "Trygstad,K"]
[Result "1/2-1/2"]
[WhiteElo "2519"]
[BlackElo "2321"]

1.e4 c5 2.Nf3 e6 3.Nc3 Nc6 4.d4 cxd4 5.Nxd4 Qc7 6.Be3 a6 7.Bd3 Nf6 8.O-O Ne5
9.Be2 b5 10.f4 Nc4 11.Bxc4 Qxc4 12.e5 Nd5 13.Nxd5 Qxd5 14.Qe2 Bb7 15.Nb3 Rc8
16.c3 Be7 17.Rad1 Qc4 18.Qf2 Bd5 19.Rd4 Qc6 20.f5 exf5 21.Qxf5 Qe6 22.Qh5 Bd8
23.Rd2 Bb6 24.Bxb6 Qxb6+ 25.Kh1 Bc4 26.Rfd1 Be6 27.Nd4 O-O 28.a3 Rc5 29.Nf3 Qb7
30.Rd4 Rc4 31.Ng5 h6 32.Ne4 Qxe4 33.Rxe4 Rxe4 34.h3 Rc8 35.Qf3 Rxe5 36.Qb7 Re8
37.Rd2 a5 38.Qc7 Re1+ 39.Kh2 a4 40.Qc5 Bc4 41.Rxd7  1/2-1/2

[Event "3rd Hilton Open"]
[Site "Basle SUI"]
[Date "2001.01.07"]
[Round "7"]
[White "Pikula,D"]
[Black "Marzolo,C"]
[Result "1/2-1/2"]
[WhiteElo "2513"]
[BlackElo "2378"]

1.e4 c5 2.Nf3 e6 3.d4 cxd4 4.Nxd4 Nc6 5.Nc3 Qc7 6.Be3 a6 7.Bd3 Nf6 8.O-O h5
9.h3 b5 10.Nxc6 Qxc6 11.a3 Bb7 12.Qe2 Rc8 13.f4 h4 14.Rf2 Be7 15.Bd4 Bc5
16.Qe3 d6 17.Re1 Bxd4 18.Qxd4 Qc5 19.Qe3 Qxe3 20.Rxe3 Rc5 21.a4 Ke7 22.axb5 axb5
23.Nxb5 Nxe4 24.Bxe4 Rxb5 25.Bxb7 Rxb7 26.b3 g6 27.f5 gxf5 28.Rxf5 Rc8 29.Rf2 d5
30.Rd2 Rc5 31.Kf2 Rb4 32.Rde2 Rc6 33.Re5 Kd6 34.Rh5 Rc7 35.Rh8 f5 36.Rd8+ Ke7
37.Rxd5 Rxc2 38.Rxc2 exd5 39.Rc3 Kd6 40.g3 hxg3+ 41.Kxg3 d4 42.Rf3 Ke5 43.h4 Rb8
44.Kf2 Ke4 45.h5 d3 46.Re3+ Kd4 47.Rf3 Ke4 48.Re3+ Kd4  1/2-1/2

[Event "Bundesliga 2000-1"]
[Site "Gelsenkirchen GER"]
[Date "2001.01.07"]
[Round "5"]
[White "Kotter,R"]
[Black "Emms,J"]
[Result "0-1"]
[WhiteElo "2369"]
[BlackElo "2527"]

1.e4 c5 2.Nf3 Nc6 3.d4 cxd4 4.Nxd4 e6 5.Nc3 Qc7 6.Nb3 a6 7.Bd3 Nf6 8.f4 d6
9.g4 b5 10.g5 Nd7 11.Be3 Bb7 12.Qf3 Nc5 13.Nxc5 dxc5 14.Qf2 c4 15.Be2 Bb4
16.O-O O-O 17.Bb6 Qc8 18.a3 Bxc3 19.bxc3 Nb8 20.Qe3 Nd7 21.Bd4 Re8 22.Bg4 Qc6
23.Rae1 Rad8 24.Qg3 Nf8 25.h4 Qd6 26.h5 Qxa3 27.Re3 Qb2 28.g6 hxg6 29.hxg6 fxg6
30.f5 Rxd4 31.cxd4 exf5 32.c3 Rxe4 33.Rxe4 Bxe4 34.Bh3 b4 35.cxb4 Qxd4+ 36.Rf2 c3
37.Bf1 c2 38.Qb3+ Kh8 39.Qf7 c1=Q 40.Qxf8+ Kh7  0-1